A text book of Refligeration and drawing (Record no. 2481)

MARC details
000 -LEADER
fixed length control field 00432nam a22001697a 4500
005 - DATE AND TIME OF LATEST TRANSACTION
control field 20160613112819.0
008 - FIXED-LENGTH DATA ELEMENTS--GENERAL INFORMATION
fixed length control field 160613b xxu||||| |||| 00| 0 eng d
020 ## - INTERNATIONAL STANDARD BOOK NUMBER
ISBN 81-219-1431-0
041 ## - LANGUAGE CODE
Language code of text/sound track or separate title eng
082 ## - DEWEY DECIMAL CLASSIFICATION NUMBER
Item number 7162
100 ## - MAIN ENTRY--AUTHOR NAME
Personal name Dhawan R.K.
245 ## - TITLE STATEMENT
Title A text book of Refligeration and drawing
260 ## - PUBLICATION, DISTRIBUTION, ETC. (IMPRINT)
Place of publication New Delhi
Name of publisher Sultan Chand & Sons,
Year of publication 2010
300 ## - PHYSICAL DESCRIPTION
Number of Pages 673
650 ## - SUBJECT ADDED ENTRY--TOPICAL TERM
Topical Term DIPLOMA ENGINEERING
942 ## - ADDED ENTRY ELEMENTS (KOHA)
Koha item type Books
Holdings
Lost status Damaged status Collection code Home library Current library Shelving location Date acquired Cost, normal purchase price Full call number Accession Number Koha item type
    Reference JRU Library   SHELF -72 - I 13/06/2016 495.00 7162 7162 Books
      JRU Library   SHELF-48-I 13/06/2016 495.00 7162 7163 Books
      JRU Library   SHELF-48-I 13/06/2016 495.00 7162 7164 Books
      JRU Library   SHELF-48-I 13/06/2016 495.00 7162 7165 Books
      JRU Library   SHELF-48-I 13/06/2016 495.00 7162 7166 Books